|
|
|
|
| LEADER |
01079ncm a22002772a 4500 |
| 001 |
001303295 |
| 003 |
CZ BrMZK |
| 005 |
20150202162500.0 |
| 007 |
qu |
| 008 |
130618s1931 au |||||||||||||||||ger d |
| 040 |
|
|
|a BOA001
|b cze
|
| 044 |
|
|
|a au
|a gw
|
| 072 |
|
7 |
|a 784
|x Vokální hudba
|2 Konspekt
|9 9
|
| 100 |
1 |
|
|a Heger, Robert,
|d 1886-1978
|7 mzk2005271928
|4 cmp
|
| 245 |
1 |
0 |
|a Neun Lieder, Op. 20.
|n Nr. 2,
|p Vor Sonnenaufgang
|h [hudebnina] :
|b nach Gedichten von Gustav Schüler : für hohe Stimme und Klavier /
|c Robert Heger
|
| 246 |
3 |
0 |
|a Vor Sonnenaufgang
|
| 260 |
|
|
|a Wien ;
|a Leipzig :
|b Universal-Edition A.G.,
|c c1931
|
| 300 |
|
|
|a 1 partitura (6 s.)
|
| 490 |
1 |
|
|a Universal-Edition ;
|v Nr. 1092
|
| 700 |
1 |
|
|a Schüler, Gustav,
|d 1868-1938
|7 mzk2015857426
|4 lyr
|
| 830 |
|
0 |
|a Universal-Edition
|
| 910 |
|
|
|a BOA001
|b Mus4-0189.491,2
|
| 990 |
|
|
|a MU
|
| 991 |
|
|
|b 201306
|
| 996 |
7 |
|
|b 2619578490
|c Mus4-0189.491,2
|l MZK
|r Sklad / do 1 hodiny
|n 0
|w 001338051
|u 000020
|a 1
|e BOA001
|j MZK50
|s A
|
| 996 |
7 |
|
|b 2619578491
|c Mus4-0189.491,2
|l MZK
|r Sklad / do 1 hodiny
|n 0
|w 001338051
|u 000010
|a 1
|e BOA001
|j MZK50
|s A
|